Gadaria :Ujlay phool (Record no. 325319)

000 -LEADER
fixed length control field 00249 a2200109 4500
001 - CONTROL NUMBER
control field 90246
082 ## - DEWEY DECIMAL CLASSIFICATION NUMBER
Classification number 891.4393 ASH
090 ## - LOCALLY ASSIGNED LC-TYPE CALL NUMBER (OCLC); LOCAL CALL NUMBER (RLIN)
-- 42567
-- 42567
100 ## - MAIN ENTRY--PERSONAL NAME
Personal name Ashfaq Ahmed
245 ## - TITLE STATEMENT
Title Gadaria :Ujlay phool
260 ## - PUBLICATION, DISTRIBUTION, ETC.
Place of publication, distribution, etc. Lahore
Name of publisher, distributor, etc. Sang-e-meel
Date of publication, distribution, etc. 2008
942 ## - ADDED ENTRY ELEMENTS (KOHA)
Institution code [OBSOLETE] NUST-CAE
Call number prefix 891.4393 ASH
Holdings
Withdrawn status Lost status Damaged status Not for loan Collection code Permanent Location Current Location Date acquired Total Checkouts Full call number Barcode Date last seen Price effective from Koha item type
          College of Aeronautical Engineering (CAE) College of Aeronautical Engineering (CAE) 04/03/2017   891.4393 ASH CAE81520 04/05/2017 04/05/2017 Book
          College of Aeronautical Engineering (CAE) College of Aeronautical Engineering (CAE) 04/03/2017   891.4393 ASH CAE81521 04/05/2017 04/05/2017 Book
© 2023 Central Library, National University of Sciences and Technology. All Rights Reserved.